Visages de la justice / (Record no. 2582)

MARC details
000 -LEADER
fixed length control field 01117cam a2200313Ia 4500
001 - CONTROL NUMBER
control field ocn670410055
003 - CONTROL NUMBER IDENTIFIER
control field TZ-ArACH
005 - DATE AND TIME OF LATEST TRANSACTION
control field 2013071006346.0
008 - FIXED-LENGTH DATA ELEMENTS--GENERAL INFORMATION
fixed length control field 101013s2010 fr e b 000 0 fre d
020 ## - INTERNATIONAL STANDARD BOOK NUMBER
International Standard Book Number 9782296124172 (pbk.)
020 ## - INTERNATIONAL STANDARD BOOK NUMBER
International Standard Book Number 2296124178 (pbk.)
035 ## - SYSTEM CONTROL NUMBER
System control number (OCoLC)670410055
040 ## - CATALOGING SOURCE
Original cataloging agency AUXAM
Transcribing agency TZ-ArACH
Modifying agency LGG
041 ## - LANGUAGE CODE
Language code of text/sound track or separate title Fre
049 ## - LOCAL HOLDINGS (OCLC)
Holding library TZAA
050 #4 - LIBRARY OF CONGRESS CALL NUMBER
Classification number B105
Item number .J87
245 00 - TITLE STATEMENT
Title Visages de la justice /
Statement of responsibility, etc Olivier Abel...[et al.] ; sous la direction de Jean-François Rey.
260 ## - PUBLICATION, DISTRIBUTION, ETC. (IMPRINT)
Place of publication, distribution, etc Paris :
Name of publisher, distributor, etc Harmattan,
Date of publication, distribution, etc 2010.
300 ## - PHYSICAL DESCRIPTION
Extent 359 p. ;
Dimensions 22 cm.
490 1# - SERIES STATEMENT
Series statement Les rendez-vous d'Archimède
504 ## - BIBLIOGRAPHY, ETC. NOTE
Bibliography, etc Includes bibliographical references (p. [351]-359).
650 #0 - SUBJECT ADDED ENTRY--TOPICAL TERM
Topical term or geographic name as entry element Justice (Philosophy)
9 (RLIN) 12587
700 1# - ADDED ENTRY--PERSONAL NAME
Personal name Abel, Olivier.
9 (RLIN) 12585
700 1# - ADDED ENTRY--PERSONAL NAME
Personal name Rey, Jean François.
9 (RLIN) 12586
830 #0 - SERIES ADDED ENTRY--UNIFORM TITLE
Uniform title Rendez-vous d'Archimède.
9 (RLIN) 12584
942 ## - ADDED ENTRY ELEMENTS (KOHA)
Source of classification or shelving scheme Library of Congress Classification
Koha item type Books
Holdings
Home library Current library Shelving location Date acquired Full call number Barcode Koha item type
African Court on Human and Peoples' Rights Library African Court on Human and Peoples' Rights Library   10/07/2013 B105 .J87 1002977X Books
African Court on Human and Peoples' Rights Library African Court on Human and Peoples' Rights Library   10/07/2013 B105 .J87 1002980X Books

African Court on Human and Peoples' Rights | For Inquiries Contact » +255 272 510 510